: منٹو (Record no. 109554)

MARC details
000 -LEADER
fixed length control field 00867nam a22002537a 4500
005 - DATE AND TIME OF LATEST TRANSACTION
control field 20170123162355.0
010 ## - LIBRARY OF CONGRESS CONTROL NUMBER
LC control number 992597
020 ## - INTERNATIONAL STANDARD BOOK NUMBER
Terms of availability 40.00
035 ## - SYSTEM CONTROL NUMBER
System control number 992597
037 ## - SOURCE OF ACQUISITION
Source of stock number/acquisition Cen Lib/Ret
040 ## - CATALOGING SOURCE
Original cataloging agency DPL
Language of cataloging UR
082 ## - DEWEY DECIMAL CLASSIFICATION NUMBER
Classification number 840
Item number م ن ٹ
100 ## - MAIN ENTRY--PERSONAL NAME
Personal name متل، پریم گوپال
9 (RLIN) 534
245 ## - TITLE STATEMENT
Title : منٹو
Statement of responsibility, etc پریم گوپال متل
Remainder of title / شخصیت اورفن
246 ## - VARYING FORM OF TITLE
Title proper/short title Minto: shakhsiyat aur fun /
Remainder of title by Prem Gopal Mittal
260 ## - PUBLICATION, DISTRIBUTION, ETC. (IMPRINT)
Place of publication, distribution, etc نئی دہلی
Name of publisher, distributor, etc موڈر ن پبلشگ ھاوس
Date of publication, distribution, etc 1980
270 ## - ADDRESS
Address 1-گولا مارکیٹ,دریا گنج
City نئی دہلی
Postal code 110002
300 ## - PHYSICAL DESCRIPTION
Extent 336p.
Dimensions 21cm(Hb)
650 ## - SUBJECT ADDED ENTRY--TOPICAL TERM
Topical term or geographic name as entry element اردو ادب
Form subdivision سوانح
9 (RLIN) 141909
650 ## - SUBJECT ADDED ENTRY--TOPICAL TERM
Topical term or geographic name as entry element سوانح- اردو
9 (RLIN) 509
650 ## - SUBJECT ADDED ENTRY--TOPICAL TERM
Topical term or geographic name as entry element Urdu Literature
Form subdivision Biography
9 (RLIN) 141910
650 ## - SUBJECT ADDED ENTRY--TOPICAL TERM
Topical term or geographic name as entry element Urdu - Biography
9 (RLIN) 511
942 ## - ADDED ENTRY ELEMENTS (KOHA)
Source of classification or shelving scheme Dewey Decimal Classification
Koha item type Urdu Bks
Classification part 840
Call number suffix م ن ٹ
Holdings
Withdrawn status Lost status Damaged status Not for loan Home library Current library Date acquired Source of acquisition Cost, normal purchase price Total Checkouts Full call number Barcode Date last seen Copy number Cost, replacement price Price effective from Koha item type Source of classification or shelving scheme Total Renewals Date checked out
        Central Library Central Library 19/03/2016 Cen Lib/Ref 40.00   840 م ن ٹ 992597 19/03/2016 1 40.00 19/03/2016 Urdu Bks      
        Central Library Central Library 13/10/2016 Cen Lib/Ret 40.00 1 840 م ن ٹ 992596 09/12/2018 2     Urdu Bks Dewey Decimal Classification 1 11/11/2018

© Delhi Public Library
Hit Counter
free hit counter